000 00370nam a2200145Ia 4500
008 230711s9999||||xx |||||||||||||| ||und||
041 _aENG
082 _a624
_bMC-T
100 _aMcdonnell Leo P
245 4 _aThe use of hand wood working tool
250 _a1st
260 _c1978
_aNew York
_bVan Nostrand Reinhold Co.
650 _aMechanical Engineering
942 _cBK
999 _c1067
_d1067